Die ungarischen Strafgesetze: amtliche Zusammenstellung der gültigen materiellen strafrechtlichen Vorschriften
| Körperschaft: | |
|---|---|
| Beteiligte: | |
| Medienart: | Druck Buch |
| Sprache: | Deutsch |
| Veröffentlicht: |
Berlin
de Gruyter
1960
|
| In: |
Sammlung außerdeutscher Strafgesetzbücher in deutscher Übersetzung (77)
Jahr: 1960 |
| Bestand in Tübingen: | In Tübingen vorhanden. IFK: F VI 37 |
| Verfügbarkeit prüfen: | HBZ Gateway |
| Subito Bestelldienst: | Jetzt bestellen. |
| Schlagwörter: |
MARC
| LEADER | 00000cam a2200000 c 4500 | ||
|---|---|---|---|
| 001 | 1073061965 | ||
| 003 | DE-627 | ||
| 005 | 20260206193446.0 | ||
| 007 | tu | ||
| 008 | 850101s1960 xx ||||| 00| ||ger c | ||
| 035 | |a (DE-627)1073061965 | ||
| 035 | |a (DE-603)055760473 | ||
| 035 | |a (DE-576)003061965 | ||
| 035 | |a (DE-599)BSZ003061965 | ||
| 035 | |a (OCoLC)600892925 | ||
| 035 | |a (OCoLC)185852997 | ||
| 035 | |a (OCoLC)600892925 | ||
| 035 | |a (DE-604)8056483694 | ||
| 040 | |a DE-627 |b ger |c DE-627 |e rakwb | ||
| 041 | |a ger | ||
| 084 | |a PH 6000 |2 rvk |0 (DE-625)rvk/136208: | ||
| 245 | 0 | 4 | |a Die ungarischen Strafgesetze |b amtliche Zusammenstellung der gültigen materiellen strafrechtlichen Vorschriften |c in dt. Übers. u. mit e. Einl. von Ladislaus Mezöfy. Magyarország |
| 264 | 1 | |a Berlin |b de Gruyter |c 1960 | |
| 300 | |a X, 141 S. | ||
| 336 | |a Text |b txt |2 rdacontent | ||
| 337 | |a ohne Hilfsmittel zu benutzen |b n |2 rdamedia | ||
| 338 | |a Band |b nc |2 rdacarrier | ||
| 490 | 1 | |a Sammlung außerdeutscher Strafgesetzbücher in deutscher Übersetzung |v 77 | |
| 650 | 0 | 7 | |0 (DE-588)4057795-8 |0 (DE-627)106149458 |0 (DE-576)209123737 |a Strafrecht |2 gnd |
| 651 | 7 | |0 (DE-588)4078541-5 |0 (DE-627)104826150 |0 (DE-576)209209097 |a Ungarn |2 gnd | |
| 689 | 0 | 0 | |d g |0 (DE-588)4078541-5 |0 (DE-627)104826150 |0 (DE-576)209209097 |a Ungarn |2 gnd |
| 689 | 0 | 1 | |d s |0 (DE-588)4057795-8 |0 (DE-627)106149458 |0 (DE-576)209123737 |a Strafrecht |2 gnd |
| 689 | 0 | |5 (DE-627) | |
| 689 | 1 | 0 | |d s |0 (DE-588)4057795-8 |0 (DE-627)106149458 |0 (DE-576)209123737 |a Strafrecht |2 gnd |
| 689 | 1 | |5 (DE-627) | |
| 700 | 1 | |8 1\p |a Mezőfy, László |d 1908-1982 |e Hrsg. |0 (DE-588)1266257314 |0 (DE-627)1815124385 |4 edt | |
| 710 | 2 | |a Ungarn |0 (DE-588)4078541-5 |0 (DE-627)104826150 |0 (DE-576)209209097 |4 oth | |
| 730 | 2 | 2 | |a A hatályos anyagi büntetöjogi ṣzabályok Hivätalos Oesszeállitása <dt.> |
| 830 | 0 | |a Sammlung außerdeutscher Strafgesetzbücher in deutscher Übersetzung |v 77 |9 77 |w (DE-627)130122696 |w (DE-576)015655954 |w (DE-600)506105-2 |7 am | |
| 883 | |8 1\p |a cgwrk |d 20241001 |q DE-101 |u https://d-nb.info/provenance/plan#cgwrk | ||
| 935 | |h HEB |i 0501 | ||
| 935 | |h HEB |i 0503 | ||
| 936 | r | v | |a PH 6000 |b Gesetzestexte |k Rechtswissenschaft |k Strafrecht, Strafverfahrensrecht, Kriminologie |k Vergleichendes und ausländisches Straf- und Strafprozessrecht einschliesslich Strafvollzug |k Rechtsvergleich |k Gesetzestexte |0 (DE-627)1272237389 |0 (DE-625)rvk/136208: |0 (DE-576)202237389 |
| 936 | s | n | |a p100 |2 mzub |
| 951 | |a BO | ||
| ELC | |b 1 | ||
| LOK | |0 000 xxxxxcx a22 zn 4500 | ||
| LOK | |0 001 2023066808 | ||
| LOK | |0 003 DE-627 | ||
| LOK | |0 004 1073061965 | ||
| LOK | |0 005 20020607000000 | ||
| LOK | |0 008 930719||||||||||||||||ger||||||| | ||
| LOK | |0 040 |a DE-21-110 |c DE-627 |d DE-21-110 | ||
| LOK | |0 852 |a DE-21-110 | ||
| LOK | |0 852 1 |c F VI 37 |m p |9 00 | ||
| LOK | |0 935 |a k110 | ||
| LOK | |0 936ln |a 5.7 | ||
| LOK | |0 938 |k p | ||
| LOK | |0 939 |a 19-07-93 |b l01 | ||
| ORI | |a SA-MARC-krimdoka001.raw | ||
| SIG | |a IFK: F VI 37 | ||
| TIM | |a 100019181116_100020261231 |b 1918-11-16 - 2026 | ||
